000 00388nam a2200145Ia 4500
008 100122s9999 xx 000 0 und d
082 _b69128
_a823.08
100 _aपै शिरीष
245 _aभवसागर
260 _bमनोरमा प्रकाशन
_c2006
300 _a176
630 _aभवसागर
730 _aभवसागर
942 _cBOOK
999 _c440579
_d440576